Constituciones de los 27 Estados miembros de la Unión Europea / (Record no. 180885)
[ view plain ]
| 000 -LEADER | |
|---|---|
| campo de control de longitud fija | 01370nam a2200289 i 4500 |
| 001 - NÚMERO DE CONTROL | |
| campo de control | 180885 |
| 003 - IDENTIFICADOR DE NÚMERO DE CONTROL | |
| campo de control | ES-MaACL |
| 005 - FECHA Y HORA DE LA ÚLTIMA TRANSACCIÓN | |
| campo de control | 20230930212934.0 |
| 008 - DATOS DE LONGITUD FIJA--INFORMACIÓN GENERAL | |
| campo de control de longitud fija | 120807s2010 sp m |||| | spa d |
| 020 ## - NÚMERO INTERNACIONAL ESTÁNDAR DEL LIBRO | |
| Número Internacional Estándar del Libro | 978-84-7943-382-6 |
| 080 ## - NÚMERO DE LA CLASIFICACIÓN DECIMAL UNIVERSAL | |
| Número de la Clasificación Decimal Universal | 342.4(4-672 UE) |
| 245 00 - MENCIÓN DEL TÍTULO | |
| Título | Constituciones de los 27 Estados miembros de la Unión Europea / |
| Mención de responsabilidad, etc. | coordinadora de la edición, María Rosa Ripollés Serrano ; autores, María Fuencisla Alcón Yustas, María Isabel Álvarez Vélez, Ignacio de Carbajal Iranzo ... [et al.]. |
| 246 15 - FORMA VARIANTE DEL TITULO | |
| Título propio/Titulo breve | Constitutions of the 27 European Union Member States |
| 246 38 - FORMA VARIANTE DEL TITULO | |
| Título propio/Titulo breve | Constituciones de los Estados miembros de la Unión Europea |
| 260 ## - PUBLICACIÓN, DISTRIBUCIÓN, ETC. | |
| Lugar de publicación, distribución, etc. | Madrid : |
| Nombre del editor, distribuidor, etc. | Congreso de los Diputados, Departamento de Publicaciones, |
| Fecha de publicación, distribución, etc. | [2010] |
| 300 ## - DESCRIPCIÓN FÍSICA | |
| Extensión | 431 p. ; |
| Dimensiones | 24 cm + |
| Material acompañante/anejo | 1 CD-ROM. |
| 546 ## - NOTA DE IDIOMA | |
| Nota de lengua/lenguaje | Portada adicional y texto también en inglés. |
| 650 07 - PUNTO DE ACCESO ADICIONAL DE MATERIA--TÉRMINO DE MATERIA | |
| Término de materia o nombre geográfico como elemento de entrada | Derecho constitucional- |
| Subdivisión geográfica | Países de la Unión Europea. |
| 9 (RLIN) | 11683 |
| 700 1# - ENTRADA AGREGADA--NOMBRE PERSONAL | |
| Nombre de persona | Ripollés Serrano, María Rosa. |
| 9 (RLIN) | 151243 |
| 700 1# - ENTRADA AGREGADA--NOMBRE PERSONAL | |
| Nombre de persona | Alcón Yustas, María Fuencisla. |
| 9 (RLIN) | 151244 |
| 710 1# - ENTRADA AGREGADA--NOMBRE DE ENTIDAD CORPORATIVA | |
| Nombre de entidad corporativa o nombre de jurisdicción como elemento de entrada | España. |
| Unidad subordinada | Cortes Generales. |
| -- | Congreso. |
| 9 (RLIN) | 3671 |
| 852 ## - LOCALIZACIÓN | |
| Ubicación | ES-MaACL |
| Número de control de estantería | A-12164 |
| itemnumber | 187763 |
| Sublocalización o colección | R.147110 |
| Ubicación en estantería | Depósito 1 |
| Signatura antigua | Olim: N-5169 |
| Encuadernación | Donación: Real Academia Española |
| 852 1# - LOCALIZACIÓN | |
| Ubicación | BA |
| Número de control de estantería | ROT 2/6/25 |
| Nota libre | (CD-ROM) |
| 912 ## - NOMBRE ENTIDAD DE POSESOR | |
| RLIN | 6336 |
| Nombre de congreso/reunión o jurisdicción como elemento de entrada | Real Academia Española |
| 942 ## - ELEMENTOS DE ENTRADA SECUNDARIOS (KOHA) | |
| Fuente del sistema de clasificación o colocación | Clasificación decimal universal |
| Tipo de ítem Koha | Libro impreso |
| Estatus retirado | Estado de pérdida | Estado de daño | No para préstamo | Biblioteca de origen | Biblioteca actual | Ubicación en estantería | Fecha de adquisición | Fuente de adquisición | Total de préstamos | Signatura topográfica completa | Código de barras | Visto por última vez | Precio de reemplazo | Tipo de ítem Koha | Fuente del sistema de clasificación o colocación |
|---|---|---|---|---|---|---|---|---|---|---|---|---|---|---|---|
| Biblioteca del Ateneo de Madrid | Biblioteca del Ateneo de Madrid | Depósito | 08/08/2012 | ROT 2/6/25 | 1190079 | 23/02/2023 | 23/02/2023 | Libro impreso | |||||||
| Biblioteca del Ateneo de Madrid | Biblioteca del Ateneo de Madrid | Depósito 1 | 07/08/2012 | Donación | A-12164 | 1190077 | 23/02/2023 | 23/02/2023 | Libro impreso | Clasificación decimal universal |
